[Event "Foment Martinenc op-C 21st"]
[Site "Barcelona"]
[Date "2019.06.01"]
[Round "6"]
[White "Ruiz Ferrer, Miquel"]
[Black "Gracia Poch, Frederic"]
[Result "0-1"]
[WhiteElo "1768"]
[BlackElo "1656"]
[PlyCount "76"]
[EventDate "2019.04.27"]
[EventType "swiss"]
[EventRounds "9"]
[EventCountry "ESP"]
[SourceTitle "EXT 2020"]
[Source "ChessBase"]
[SourceDate "2019.10.17"]
[SourceVersion "1"]
[SourceVersionDate "2019.10.17"]
[SourceQuality "1"]

1. e4 c5 2. Nc3 d6 3. Bc4 Nf6 4. d3 Nc6 5. Nf3 h6 6. a3 a6 7. h3 e6 8. 0-0 Be7 9. Be3 b5 10. Ba2 0-0 11. Qd2 Re8 12. Ne2 Bf8 13. b4 Bb7 14. Ng3 Rc8 15. c3 a5 16. Qc2 axb4 17. axb4 cxb4 18. cxb4 Nxb4 19. Qb3 Nc2 20. Rac1 Nxe3 21. fxe3 Qb6 22. d4 Nxe4 23. Nxe4 Bxe4 24. Nd2 Bd5 25. Qb2 Bxa2 26. Qxa2 d5 27. Nf3 Bd6 28. Qf2 Rxc1 29. Rxc1 e5 30. Rd1 e4 31. Nd2 Rc8 32. Rf1 Qb7 33. g4 b4 34. Nb3 Qe7 35. Qf5 Qe6 36. Qf2 Rc3 37. Qa2 Rxe3 38. Kf2 Rxh3 0-1

[Event "Foment Martinenc op-C 21st"]
[Site "Barcelona"]
[Date "2019.05.18"]
[Round "4"]
[White "Catala Pou, Ramon"]
[Black "Ruiz Ferrer, Miquel"]
[Result "1/2-1/2"]
[WhiteElo "1630"]
[BlackElo "1768"]
[PlyCount "93"]
[EventDate "2019.04.27"]
[EventType "swiss"]
[EventRounds "9"]
[EventCountry "ESP"]
[SourceTitle "EXT 2020"]
[Source "ChessBase"]
[SourceDate "2019.10.17"]
[SourceVersion "1"]
[SourceVersionDate "2019.10.17"]
[SourceQuality "1"]

1. d4 d5 2. Nf3 Nc6 3. g3 Nf6 4. Bg2 Bf5 5. 0-0 Nb4 6. Na3 h6 7. c4 e6 8. Ne5 c6 9. c5 Na6 10. Qa4 Nb8 11. Bd2 Qc8 12. Ba5 Nbd7 13. Nxd7 Nxd7 14. Rac1 Nb8 15. Rfe1 Be7 16. e4 dxe4 17. Bxe4 Bxe4 18. Rxe4 0-0 19. Nc4 Nd7 20. Qc2 Nf6 21. Re3 Nd5 22. Rf3 Bd8 23. Nd6 Qd7 24. Bxd8 Raxd8 25. Rd1 Nf6 26. Qb3 Rb8 27. Qa3 a6 28. b4 Ra8 29. Qd3 Nd5 30. a3 Rab8 31. Re1 Ra8 32. Qd2 Rab8 33. Kg2 Nf6 34. Qd3 Nd5 35. Re5 Nf6 36. h4 Ng4 37. Re4 Nf6 38. Ref4 Qe7 39. g4 Rbd8 40. g5 hxg5 41. hxg5 Nh5 42. Rg4 g6 43. Qe4 Rd7 44. Qe5 Ng7 45. Rf6 Nh5 46. Rf3 Ng7 47. Rf6 1/2-1/2

[Event "Foment Martinenc op-C 17th"]
[Site "Barcelona"]
[Date "2015.05.23"]
[Round "5"]
[White "Ruiz Ferrer, Miquel"]
[Black "Catala Pou, Ramon"]
[Result "1-0"]
[WhiteElo "1800"]
[BlackElo "1688"]
[PlyCount "63"]
[EventDate "2015.04.25"]
[EventType "swiss"]
[EventRounds "9"]
[EventCountry "ESP"]
[SourceTitle "EXT 2017"]
[Source "ChessBase"]
[SourceDate "2016.10.25"]
[SourceVersion "1"]
[SourceVersionDate "2016.10.25"]
[SourceQuality "1"]

1. e4 c5 2. Nf3 d6 3. Bc4 Nf6 4. d3 Nc6 5. c3 h6 6. 0-0 d5 7. exd5 Nxd5 8. d4 e6 9. Re1 Be7 10. Ne5 0-0 11. Qg4 Bg5 12. Bxg5 Qxg5 13. Qxg5 hxg5 14. Nf3 cxd4 15. Nxd4 Nxd4 16. cxd4 Nb4 17. Re2 Nc6 18. d5 Nd4 19. Rd2 exd5 20. Bf1 Nc6 21. Rxd5 Nb4 22. Rd2 Bf5 23. Nc3 Nc2 24. Rc1 Nb4 25. a3 Rad8 26. Rxd8 Rxd8 27. axb4 Rd4 28. b5 Rb4 29. Nd5 Re4 30. Bd3 Rd4 31. Bxf5 Rxd5 32. Rc8+ 1-0

[Event "Foment Martinenc op-C 17th"]
[Site "Barcelona"]
[Date "2015.05.16"]
[Round "4"]
[White "Bes Alvarez, Alex"]
[Black "Ruiz Ferrer, Miquel"]
[Result "1/2-1/2"]
[WhiteElo "1708"]
[BlackElo "1800"]
[PlyCount "88"]
[EventDate "2015.04.25"]
[EventType "swiss"]
[EventRounds "9"]
[EventCountry "ESP"]
[SourceTitle "EXT 2017"]
[Source "ChessBase"]
[SourceDate "2016.10.25"]
[SourceVersion "1"]
[SourceVersionDate "2016.10.25"]
[SourceQuality "1"]

1. d4 d5 2. c4 Nf6 3. cxd5 Nxd5 4. e4 Nb6 5. Nf3 Bg4 6. Be2 e6 7. Nc3 N8d7 8. Bf4 Nf6 9. 0-0 c6 10. a3 Nh5 11. Be3 Be7 12. b4 a6 13. Rb1 0-0 14. a4 f5 15. e5 Nd5 16. Nxd5 Qxd5 17. Ne1 Bxe2 18. Qxe2 g6 19. Bh6 Rf7 20. Nf3 b5 21. a5 Bf8 22. Bxf8 Rfxf8 23. Rfc1 Rac8 24. Rc5 Qd7 25. Rbc1 Nf4 26. Qe3 Nd5 27. Qh6 Nxb4 28. Qd2 Nd5 29. Qa2 Nb4 30. Qa3 Nd5 31. R5c2 Rc7 32. Qd6 Ne7 33. Qxd7 Rxd7 34. Rd1 Rc8 35. Rdd2 Nd5 36. Rc5 Ne7 37. Ng5 Rd5 38. Nxe6 Rxc5 39. dxc5 Nd5 40. Kf1 Re8 41. Nd4 Rxe5 42. Nxc6 Re6 43. Nd8 Re5 44. Nc6 Re6 1/2-1/2

[Event "Foment Martinenc op-C 17th"]
[Site "Barcelona"]
[Date "2015.05.09"]
[Round "3"]
[White "Ruiz Ferrer, Miquel"]
[Black "De Blois Afanasiyadi, Alexander"]
[Result "1-0"]
[WhiteElo "1800"]
[BlackElo "1703"]
[PlyCount "47"]
[EventDate "2015.04.25"]
[EventType "swiss"]
[EventRounds "9"]
[EventCountry "ESP"]
[SourceTitle "EXT 2017"]
[Source "ChessBase"]
[SourceDate "2016.10.25"]
[SourceVersion "1"]
[SourceVersionDate "2016.10.25"]
[SourceQuality "1"]

1. e4 e5 2. Nf3 Nc6 3. Bc4 Bc5 4. d3 Nf6 5. Bg5 0-0 6. Nc3 h6 7. Bh4 Qe8 8. Bxf6 gxf6 9. Nd5 Rb8 10. Nxf6+ Kh8 11. Nxe8 Rxe8 12. Qd2 Bb4 13. c3 Ba5 14. Qxh6+ Kg8 15. Qg5+ Kf8 16. h4 d6 17. h5 Re7 18. h6 Ke8 19. h7 Kd7 20. h8Q Re8 21. Qxe8+ Kxe8 22. Qg8+ Kd7 23. Qxf7+ Kd8 24. Rh8# 1-0